000 00759nam a2200265Ia 4500
001 Para_5314
003 CHAP
008 220125s1922 xx 000 0 und d
010 _a203843
040 _cCHAP
090 _aPA FOLLETO 2655
100 _aMiddleton, William
_975550
245 _aA sawfly injurious to young pines /
_c William Middleton
260 _aWashington :
_b Department of Agriculture
300 _a11 p.
440 _aEUA. Dept. of agriculture Farmers' bull.; 1259
_9169770
650 _aTenthredinidae PinĂ¡ceas
_x Plagas
_9169771
901 _aPA FOLLETO 2655
902 _aA
905 _a0000001922 WAS 0000000000 00
910 _a1922
942 _cPARA
942 _cPARA
_d1
999 _c203843
_d203843